ANDROID SECURITY (Record no. 217034)

MARC details
000 -LEADER
fixed length control field 00534nam a22001817a 4500
008 - FIXED-LENGTH DATA ELEMENTS--GENERAL INFORMATION
fixed length control field 260421b |||||||| |||| 00| 0 eng d
020 ## - INTERNATIONAL STANDARD BOOK NUMBER
International Standard Book Number 978-1-4398-9646-4
050 ## - LIBRARY OF CONGRESS CALL NUMBER
Classification number QA 76.76 .A65 D83 2013
Item number C.1
100 ## - MAIN ENTRY--PERSONAL NAME
Personal name DUBEY, ABHISHEK
245 ## - TITLE STATEMENT
Title ANDROID SECURITY
Remainder of title ATTACKS AND DEFENSES
260 ## - PUBLICATION, DISTRIBUTION, ETC.
Place of publication, distribution, etc. NEW YORK
Name of publisher, distributor, etc. FRANCIS GROUP
Date of publication, distribution, etc. 2013
300 ## - PHYSICAL DESCRIPTION
Extent XI, 251P, ILL
500 ## - GENERAL NOTE
General note INCLUIDES APPENDIXS A TO C, GLOSARY, AND INDEX
650 ## - SUBJECT ADDED ENTRY
Topical term or geographic name entry element ATTACKS AND DEFENSES
700 ## - ADDED ENTRY--PERSONAL NAME
Personal name MISRA, ANMOL
942 ## - ADDED ENTRY ELEMENTS (KOHA)
Source of classification or shelving scheme Library of Congress Classification
Koha item type Long Loan Book
Holdings
Withdrawn status Lost status Source of classification or shelving scheme Damaged status Not for loan Collection Home library Current library Shelving location Date acquired Inventory number Total checkouts Full call number Barcode Date last seen Copy number Price effective from Koha item type
    Library of Congress Classification     Science & Technology Kisii University Library Kisii University Library On Display 04/21/2026 113143   QA 76.76 .A65 D83 2013 A001675 04/21/2026 C.1 04/21/2026 Long Loan Book
    Library of Congress Classification     Science & Technology Kisii University Library Kisii University Library On Display 04/21/2026 113144   QA 76.76 .A65 D83 2013 A001676 04/21/2026 C.2 04/21/2026 Long Loan Book
    Library of Congress Classification     Science & Technology Kisii University Library Kisii University Library On Display 04/21/2026 113145   QA 76.76 .A65 D83 2013 A001678 04/21/2026 C.3 04/21/2026 Long Loan Book
    Library of Congress Classification     Science & Technology Kisii University Library Kisii University Library On Display 04/21/2026 113146   QA 76.76 .A65 D83 2013 A001677 04/21/2026 C.4 04/21/2026 Long Loan Book